Bài giảng hệ nội tiết ( Block 5.4 )

Bài giảng hệ nội tiết gồm tổ chức Block như ban điều phối block và các bộ môn tham gia, mục tiêu học tập, các chương trình bài giảng, giải phẫu học, huấn luyện kỹ năng, thực hành sinh lý, mô học và giải phẫu bệnh, thực hành sinh hóa và th...

全面介绍

Đã lưu trong:
书目详细资料
格式: 图书
语言:Undetermined
出版: Cần Thơ Trường Đại học Cần Thơ 2000
主题:
标签: 添加标签
没有标签, 成为第一个标记此记录!
Thư viện lưu trữ: Trung tâm Học liệu Trường Đại học Cần Thơ
LEADER 00969nam a2200193Ia 4500
001 CTU_40263
008 210402s9999 xx 000 0 und d
082 |a 612.4 
082 |b B103 
245 0 |a Bài giảng hệ nội tiết 
245 0 |b ( Block 5.4 ) 
245 0 |c Huỳnh Hiếu Tâm ...[et al.] 
260 |a Cần Thơ 
260 |b Trường Đại học Cần Thơ 
260 |c 2000 
520 |a Bài giảng hệ nội tiết gồm tổ chức Block như ban điều phối block và các bộ môn tham gia, mục tiêu học tập, các chương trình bài giảng, giải phẫu học, huấn luyện kỹ năng, thực hành sinh lý, mô học và giải phẫu bệnh, thực hành sinh hóa và thực hành dược lý. 
650 |a Endocrine organs,Human physiology 
904 |i Thùy Trang (sửa) 
980 |a Trung tâm Học liệu Trường Đại học Cần Thơ